Visualizzazione normale
Vista MARC
- Storia antica
di Genre/Form Term
Records bibliografici associati: 2
001 - CONTROL NUMBER
- control field: 57007
003 - CONTROL NUMBER IDENTIFIER
- control field:
005 - DATE AND TIME OF LATEST TRANSACTION
- control field: 20180505164928.0
008 - FIXED-LENGTH DATA ELEMENTS
- fixed length control field: 180505|| aca||aabn | a|a d
040 ## - CATALOGING SOURCE
- Original cataloging agency:
- Transcribing agency:
155 ## - HEADING--GENRE/FORM TERM
- Genre/form term: Storia antica
- General subdivision: Africa cristiana.
670 ## - SOURCE DATA FOUND
- Source citation: Work cat.: ()0: La Conferenza di Cartagine 411 /, ©2016.